|
|
|
|
| LEADER |
01607nam a2200481 i 4500 |
| 001 |
nkc20162791857 |
| 003 |
CZ PrNK |
| 005 |
20160614150757.0 |
| 007 |
ta |
| 008 |
160527s2016 xr e 000 0 cze |
| 015 |
|
|
|a cnb002791857
|
| 020 |
|
|
|a 978-80-260-9695-5
|q (brožováno)
|
| 035 |
|
|
|a (OCoLC)953516095
|
| 040 |
|
|
|a ABA001
|b cze
|e rda
|
| 072 |
|
7 |
|a 364-1/-7
|x Druhy sociální pomoci a služeb
|2 Konspekt
|9 18
|
| 080 |
|
|
|a 316.344.6-056.262
|2 MRF
|
| 080 |
|
|
|a 159.93
|2 MRF
|
| 080 |
|
|
|a 364-786
|2 MRF
|
| 080 |
|
|
|a (041)
|2 MRF
|
| 100 |
1 |
|
|a Kovaříková, Pavla,
|d 1972-
|7 xx0002233
|4 aut
|
| 245 |
1 |
0 |
|a Za zeptání nic nedáte, aneb, Jak vidím svět, když nevidím /
|c Pavla Kovaříková
|
| 246 |
3 |
0 |
|a Jak vidím svět, když nevidím
|
| 250 |
|
|
|a Druhé, přepracované vydání
|
| 264 |
|
1 |
|a [Český Brod] :
|b Rozhledna,
|c 2016
|
| 300 |
|
|
|a 12 stran ;
|c 21 cm
|
| 336 |
|
|
|a text
|b txt
|2 rdacontent
|
| 337 |
|
|
|a bez média
|b n
|2 rdamedia
|
| 338 |
|
|
|a svazek
|b nc
|2 rdacarrier
|
| 500 |
|
|
|a Název z obálky
|
| 500 |
|
|
|a 1000 výtisků
|
| 650 |
0 |
7 |
|a nevidomí
|7 ph123276
|2 czenas
|
| 650 |
0 |
7 |
|a smyslové vnímání
|7 ph116195
|2 czenas
|
| 650 |
0 |
7 |
|a sociální integrace
|7 ph125789
|2 czenas
|
| 650 |
0 |
9 |
|a blind
|2 eczenas
|
| 650 |
0 |
9 |
|a senses and sensation
|2 eczenas
|
| 650 |
0 |
9 |
|a social integration
|2 eczenas
|
| 655 |
|
7 |
|a brožury
|7 fd131925
|2 czenas
|
| 655 |
|
9 |
|a brochures
|2 eczenas
|
| 910 |
2 |
|
|a BOA001
|b 2-1370.139
|
| 990 |
|
|
|a BK
|
| 995 |
|
|
|a 01
|
| 991 |
|
|
|b 201606
|c NOV
|
| 996 |
6 |
|
|b 2610673146
|c 2-1370.139
|l MZK
|r Sklad / do 1 hodiny
|n 2
|p p.v.
|w 001565071
|u 000010
|a 1
|e BOA001
|j MZK50
|s P
|